Supernatural Season 15 Quiz (Part 1) - Statistics

General Stats
  • This quiz has been taken 165 times
  • The average score is 10 of 17
Answer Stats
Hint Answer % Correct
What witch returns to help the boys in "Raising Hell"? Rowena
97%
Who goes on a solo hunt in "Last Call"? Dean
84%
Both Jensen and Jared's wives are in "Destiny's Child". Name one of them. Danneel Ackles or Genevieve Padalecki
75%
What affable werewolf named his children Sam and Castiel in "The Heroes' Journey"? Garth
74%
What obsessive former lover of Sam returns for a single episode in "Atomic Monsters"? Becky Rosen
69%
What is the name of the demon who takes over Jack's body in "Back and to the Future"? Belphagor
69%
Name one of the three people who died in "The Rupture". Ketch, Rowena, Belphagor
68%
What halted production on this final season, postponing the rest of the episodes to Fall 2020? Coronavirus
66%
What game does Dean play to win back his and Sam's luck in "The Gamblers"? Pool
66%
Finish the quote: "I gotta tell ya, Sammy. This Sam and Dean, sure, they're simple, but they got this place of their own, there's no quarterly reports, there's no investor calls. There's nothin' to do but hunt monsters, drink beer, and watch ___." Porn
64%
Who does Sam resurrect at the end of "Golden Time"? Eileen
61%
What demon returns in "Proverbs 17:3" and destroys The Equalizer? Lilith
61%
Where do Dean and Cas return to in "The Trap"? Purgatory
48%
What character returns for the first time in 215 episodes in "Our Father Who Aren't in Heaven"? Adam Miligan
35%
Finish the Quote: "___ can't be trusted." God
32%
What character returns for the first time since season 13 in "Galaxy Brain"? Kaia Nieves
12%
Finish the Quote: "You're an abomination with that ____________." Trench coat
8%
No matching quizzes found
Score Distribution
Percent of People with Each Score
Percentile by Number Answered
Your Score History
You have not taken this quiz